KOHA-Header-6

The state during the British Raj : (Record no. 12677)

000 -LEADER
fixed length control field 01612cam a2200337 i 4500
001 - CONTROL NUMBER
control field 21123790
003 - CONTROL NUMBER IDENTIFIER
control field MAJU-Karachi
005 - DATE AND TIME OF LATEST TRANSACTION
control field 20201107105039.0
008 - FIXED-LENGTH DATA ELEMENTS--GENERAL INFORMATION
fixed length control field 190808s2019 pk b 001 0 eng
010 ## - LIBRARY OF CONGRESS CONTROL NUMBER
LC control number 2019314499
020 ## - INTERNATIONAL STANDARD BOOK NUMBER
International Standard Book Number 9780199408535
025 ## - OVERSEAS ACQUISITION NUMBER
Overseas acquisition number P-E-2019314499; 13; 31
037 ## - SOURCE OF ACQUISITION
Source of stock number/acquisition Library of Congress -- Islamabad Overseas Office
040 ## - CATALOGING SOURCE
Original cataloging agency DLC
Language of cataloging eng
Transcribing agency DLC
Description conventions rda
042 ## - AUTHENTICATION CODE
Authentication code lcode
-- pcc
043 ## - GEOGRAPHIC AREA CODE
Geographic area code a-ii---
050 00 - LIBRARY OF CONGRESS CALL NUMBER
Classification number DS463
Item number .N495 2019
100 1# - MAIN ENTRY--PERSONAL NAME
Personal name Niaz, Ilhan,
Relator term author.
245 14 - TITLE STATEMENT
Title The state during the British Raj :
Remainder of title imperial government in South Asia, 1700-1947 /
Statement of responsibility, etc Ilhan Niaz.
250 ## - EDITION STATEMENT
Edition statement First edition.
300 ## - PHYSICAL DESCRIPTION
Extent xiii, 312 pages ;
Dimensions 24 cm
504 ## - BIBLIOGRAPHY, ETC. NOTE
Bibliography, etc Includes bibliographical references (pages 288-305) and index.
505 0# - FORMATTED CONTENTS NOTE
Formatted contents note Introduction -- The rise and fall of the house of Timur and the struggle for Timurid Imperial Succession -- The British Indian State and the emergence of civilian supremacy -- Civilian meritocracy and the higher bureaucracy in British India -- The Peace of the realm: law and order and the British empire in India -- Representation and the Raj: The origins and development of South Asian Colonial Democracy -- The Raj and the sovereign law in India -- Conclusion.
650 #0 - SUBJECT ADDED ENTRY--TOPICAL TERM
Topical term or geographic name as entry element British
Geographic subdivision India
General subdivision History.
651 #0 - SUBJECT ADDED ENTRY--GEOGRAPHIC NAME
Geographic name India
General subdivision History
Chronological subdivision British occupation, 1765-1947.
651 #0 - SUBJECT ADDED ENTRY--GEOGRAPHIC NAME
Geographic name India
General subdivision Politics and government
Chronological subdivision 19th century.
651 #0 - SUBJECT ADDED ENTRY--GEOGRAPHIC NAME
Geographic name India
General subdivision Politics and governmen
Chronological subdivision 18th century.
906 ## - LOCAL DATA ELEMENT F, LDF (RLIN)
a 7
b cbc
c origode
d 3
e ncip
f 20
g y-gencatlg
942 ## - ADDED ENTRY ELEMENTS (KOHA)
Source of classification or shelving scheme
Koha item type Books
Holdings
Withdrawn status Lost status Source of classification or shelving scheme Damaged status Not for loan Collection code Permanent Location Current Location Shelving location Date acquired Total Checkouts Full call number Barcode Date last seen Date checked out Price effective from Koha item type
            MAJU MAJU   2020-11-07 1 DS463 9863 2021-10-18 2021-07-09 2020-11-07 Pakistan Studies

Powered by Koha